000 02276cam a2200421 a 4500
999 _c90104
_d90104
001 92129
003 BJBSDDR
005 20230410132920.0
008 971028r1998 nyu b 001 0 eng
010 _a 97043470
020 _a0374237506 (alk. paper)
020 _a9780374237509 (alk. paper)
035 _a(OCoLC)ocm37917334
035 _a(OCoLC)37917334
040 _aDLC
_cDLC
_dPGC
049 _aGRAL
050 1 4 _aB 1618
_bB515p 1998
082 0 0 _a192
100 1 _aBerlin, Isaiah,
_d1909-1997
_9689
245 1 4 _aThe proper study of mankind :
_ban anthology of essays /
_cIsaiah Berlin ; edited by Henry Hardy and Roger Hausheer ; with a foreword by Noel Annan ; introduction by Roger Hausheer.
250 _a1st Farrar, Straus and Giroux ed.
260 _aNew York :
_bFarrar, Straus and Giroux,
_c1998.
300 _axxxvi, 667 p. ;
_c24 cm.
500 _a"First published in 1997 by Chatto & Windus Limited, United Kingdom"--T.p. verso.
504 _aIncludes bibliographical references (p. [639]-644) and index.
505 0 _aThe pursuit of the ideal -- Philosophical foundations : The concept of scientific history ; Does political theory still exist? -- Freedom and determinism : 'From hope and fear set free' ; Historical inevitability -- Political liberty and pluralism : Two concepts of liberty -- History of ideas : The Counter-Enlightenment ; The originality of Machiavelli ; The divorce between the sciences and the humanities -- Herder and the Enlightenment -- Russian writers : The hedghog and the fox -- Herzen and his memoirs ; Conversations with Akhmatova and Pasternak -- Romanticism and nationalism in the modern age : The apotheosis of the romantic will ; Nationalism : past neglect and present power -- Twentieth-century figures : Winston Churchill in 1940 ; President Franklin Delano Roosevelt.
650 0 _aHuman beings.
650 0 _aPhilosophical anthropology.
650 0 _aPhilosophy.
650 0 _aPolitical science
_xPhilosophy.
650 4 _aAntropología filosófica.
_979
650 0 _aFilosofía
_91108
650 4 _aFilosofía política
_93409
650 4 _aSeres humanos
_93599
700 1 _aHardy, Henry
_93453
_q(Robert Dugdale Hardy),
_d1949-
700 1 _aHausheer, Roger.
_93598
942 _2lcc
_cBK